Central Library OPAC University of Rajshahi

Radical politics and the emergence of Bangladesh / (Record no. 26797)

MARC details
000 -LEADER
fixed length control field 00959nam a2200253 a 4500
001 - CONTROL NUMBER
control field 26797
003 - CONTROL NUMBER IDENTIFIER
rucl marc code BD-RjUL
005 - DATE AND TIME OF LATEST TRANSACTION
control field 20211209051052.0
008 - FIXED-LENGTH DATA ELEMENTS--GENERAL INFORMATION
fixed length control field 140323s1975 bg 000 0 eng d
035 ## - SYSTEM CONTROL NUMBER
System control number CURL 05UH50005027(Lox) from jbc027
-- (BD-RjUL) 26868
040 ## - CATALOGING SOURCE
Original cataloging agency BD-RjUL
Language of cataloging eng
Transcribing agency BD-RjUL
Modifying agency BD-RjUL
041 ## - LANGUAGE CODE
Language code of text/sound track or separate title eng
082 ## - DEWEY DECIMAL CLASSIFICATION NUMBER
Classification number 321.8
Author mark and year MAR 1975
100 1# - MAIN ENTRY--PERSONAL NAME
Personal name Maniruzzaman, Talukder.
9 (RLIN) 81425
245 10 - TITLE STATEMENT
Title Radical politics and the emergence of Bangladesh /
Statement of responsibility, etc. by Talukder Maniruzzaman
260 ## - PUBLICATION, DISTRIBUTION, ETC. (IMPRINT)
Place of publication, distribution, etc. Dacca :
Name of publisher, distributor, etc. Bangladesh Books International Ltd. ,
Date of publication, distribution, etc. 1975
300 ## - PHYSICAL DESCRIPTION
Pagination iv, 55 p. ;
Size 22 cm
500 ## - GENERAL NOTE
General note "Originally published as an article in Radical politics in South Asia" Cambridge, Mass. : MIT, 1973
650 ## - SUBJECT ADDED ENTRY--TOPICAL TERM
Topical term or geographic name as entry element Bangladesh
General subdivision History
Chronological subdivision Revolution, 1971.
9 (RLIN) 218978
651 #0 - SUBJECT ADDED ENTRY--GEOGRAPHIC NAME
Geographic name Bangladesh
General subdivision Politics and government
9 (RLIN) 82370
Geographic name Pakistan
General subdivision Politics and government
9 (RLIN) 82371
942 ## - ADDED ENTRY ELEMENTS (KOHA)
Source of classification or shelving scheme Dewey Decimal Classification
Koha item type Books
Holdings
Lost status Source of classification or shelving scheme Damaged status Not for loan Collection code Permanent Location Current Location Shelving location Date acquired Source of acquisition Cost, normal purchase price Total Checkouts Total Renewals Full call number Date last seen Date checked out Copy number Koha item type
  Dewey Decimal Classification     Non-fiction Central Library, University of Rajshahi Central Library, University of Rajshahi   18/06/1980 P. R. O., Dacca 0.00 8 1 321.8 MAR 1975 22/03/2023 09/03/2023 C-4 Books
  Dewey Decimal Classification     Non-fiction Central Library, University of Rajshahi Central Library, University of Rajshahi   17/06/1982 Aligarh Library Raj. 18.00     321.8 MAR 1975 23/03/2014   C-6 Books
  Dewey Decimal Classification     Non-fiction Central Library, University of Rajshahi Central Library, University of Rajshahi   17/06/1982 Aligarh Library Raj. 18.00     321.8 MAR 1975 23/03/2014   C-7 Books